Stati e Iniziali delle Capitali - Quiz n°1 - Statistics

Statistiche generali
  • Questo quiz è stato fatto 41 volte
  • Il punteggio medio è 8 su 10
Statistiche sulle risposte
Hint Risposta % Corretto
Danimarca C
97%
Lituania V
97%
Ucraina K
92%
Uruguay M
87%
Montenegro P
87%
Indonesia G
79%
Maldive M
79%
Niger N
56%
Saint Kitts e Nevis B
49%
San Marino C
46%
Nessun quiz corrispondente trovato
Distribuzione punteggi
Percentuale di utenti per punteggio
Percentile per numero di risposta
I tuoi punteggi nel tempo
Non hai fatto questo quiz